Pomoc Grécku ako nočná mora

Snaha reprezentácie Slovenska vyhnúť sa novému "plateniu" Grécku. Súlad medzi politickými stranami. Dve otázky - odchod Grécka z eurozóny a ďalšia pomoc Grécku. Čo sa môže stať po grexite s Gréckom. Skutočný záujem krajiny.

Gespeichert in:
Bibliographische Detailangaben
1. Verfasser: Leško, Marián
Format: Buchkapitel
Sprache:Slowakisch
Schlagworte:
Tags: Tag hinzufügen
Keine Tags, Fügen Sie das erste Tag hinzu!

MARC

LEADER 00000naa a2200000 4500
001 0205513
005 20231113103248.4
041 0 |a slo 
044 |a SK 
245 1 0 |a Pomoc Grécku ako nočná mora  |c Marián Leško 
520 |a Snaha reprezentácie Slovenska vyhnúť sa novému "plateniu" Grécku. Súlad medzi politickými stranami. Dve otázky - odchod Grécka z eurozóny a ďalšia pomoc Grécku. Čo sa môže stať po grexite s Gréckom. Skutočný záujem krajiny. 
610 2 0 |a politika 
610 2 0 |a strany politické 
610 2 0 |a Slovensko 
610 2 0 |a Grécko 
610 2 0 |a financie 
610 2 0 |a eurozóna 
610 2 0 |a Európska únia 
100 1 |a Leško, Marián